000 00352nam a22001577a 4500
003 OSt
008 240123b |||||||| |||| 00| 0 eng d
020 _a9780143062226
082 _a823.01
_bMUW
100 _aMURTY,Sudha
245 _aWise and Otherwise
250 _a1st Ed
260 _aUK
_bPenguin Books
_c2006
300 _a219
942 _2ddc
_cBK
999 _c12193
_d12193